01412 2200301 4500001002100000005001500021035002000036007000300056008004100059020002200100082001100122084002000133100002500153245013700178250003400315300004200349650001800391650005300409700003100462504003600493520043300529264004200962336002101004337003001025338002301055990001601078990001601094INLIS00000000116444420240820124801 a0010-0824000266ta240820 g 0 ind  a978-623-400-281-2 a181.16 aSR 181.16 AST f0 aAsti Musmanepenulis1 aFilosofi hidup orang jawa :bmenyingkap tabir rahasia-rahasia orang jawa sejak era klasik /cAsti Musman; penyunting, Herman Adamson aCetakan pertama, Oktober 2022 avi, 170 halaman :bilustrasi ;c20 cm 4aFilsafat Jawa 4aOrang jawa -- Kehidupan sosial dan adat istiadat0 aHerman Adamsonepenyunting aBibliografi : halaman 164 - 166 aBuku Filosofi Hidup Orang Jawa: Menyingkap Tabir Rahasia-Rahasia Orang Jawa Sejak Era KLasik karya Asti Musman berisi tulisan-tulisan yang mengangkat spiritualitas Jawa pada zaman dahulu. Buku ini akan memberi gambaran mengenai kegiatan ketuhanan orang Jawa sebelum masuknya agama ke Nusantara. Terdapat juga catatan sejarah masuknya Islam ke Nusantara dan akulturasi antara budaya India dengan Jawa melalui pertunjukkan wayang. aBantul :bAnak Hebat Indonesia,c2022 2rdacontentateks 2rdamediaatanpa perantara 2rdacarrieravolume a53606.66426 a53607.66427